Loading...
| History - European History | 0 | 5 | 3 | 1 | 35 | 80 | 100.60 | 0 | 2 | 
| History - American History | 0 | 4 | 3 | 0 | 25 | 50 | 84.00 | 0 | 3 | 
| History - Other History | 0 | 3 | 1 | 1 | 25 | 52 | 71.67 | 0 | 2 | 
| Social Science | 0 | 2 | 0 | 1 | 20 | 44 | 85.50 | 1 | 1 | 
| Science - Other Science | 0 | 2 | 0 | 0 | 20 | 85 | 90.00 | 0 | 0 | 
| Science - Chemistry | 0 | 2 | 0 | 0 | 20 | 69 | 70.50 | 1 | 1 | 
| Science - Physics | 0 | 3 | 2 | 0 | 20 | 80 | 99.67 | 0 | 1 | 
| Geography/Current Events | 0 | 2 | 0 | 0 | 20 | 91 | 98.00 | 1 | 1 | 
| Fine Arts - Visual Fine Arts | 0 | 2 | 1 | 0 | 15 | 60 | 75.00 | 0 | 1 | 
| Literature - World/Other Literature | 0 | 1 | 0 | 0 | 10 | 76 | 76.00 | 1 | 1 | 
| History - World History | 0 | 1 | 0 | 0 | 10 | 83 | 83.00 | 0 | 1 | 
| Literature - American Literature | 0 | 1 | 0 | 1 | 10 | 141 | 141.00 | 0 | 0 | 
| Mythology | 0 | 1 | 0 | 0 | 10 | 112 | 112.00 | 0 | 0 | 
| Science - Biology | 0 | 1 | 0 | 0 | 10 | 54 | 54.00 | 0 | 1 | 
| Literature - British Literature | 0 | 1 | 1 | 0 | 5 | 91 | 91.00 | 0 | 0 | 
| Philosophy | 0 | 0 | 1 | 0 | -5 | 0.00 | 0 | 0 | |
| Other Academic | 0 | 0 | 1 | 0 | -5 | 0.00 | 0 | 0 | |
| Fine Arts - Classical Music | 0 | 0 | 1 | 0 | -5 | 0.00 | 0 | 0 | |
| Religion | 0 | 0 | 1 | 0 | -5 | 0.00 | 0 | 0 |